Statistics for All P600 Mountains in Britain

Click here to take the quiz!

General Stats

  • This quiz has been taken 3 times
  • The average score is 3 of 96

Answer Stats

AnswerCountryHeight (m)Prominence (m)% Correct
Ben NevisScotland13451345
100%
Snowdon (Yr Wyddfa)Wales10851039
67%
Ben LomondScotland974820
33%
Ben MoreScotland966966
33%
Ben More (Crianlarich)Scotland1174986
33%
Scafell PikeEngland978912
33%
A' ChràileagScotland1120786
0%
An TeallachScotland1063757
0%
Aonach EagachScotland968623
0%
Aran FawddwyWales905670
0%
AskivalScotland812812
0%
Beinn a' BheithirScotland1024729
0%
Beinn a' ChreachainScotland1081650
0%
Beinn a' GhlòScotland1122658
0%
Beinn AlliginScotland986601
0%
Beinn an LochainScotland902640
0%
Beinn an ÒirScotland785785
0%
Beinn BhanScotland896851
0%
Beinn Dearg (Ullapool)Scotland1084805
0%
Beinn EigheScotland1010632
0%
Beinn FhadaScotland1032647
0%
Beinn ÌmeScotland1011712
0%
Beinn MhòrScotland741696
0%
Beinn MhòrScotland620620
0%
Beinn na CaillichScotland732696
0%
Beinn SgulairdScotland937662
0%
Ben AlderScotland1148783
0%
Ben ChonzieScotland931648
0%
Ben CruachanScotland1127880
0%
Ben HeeScotland873607
0%
Ben HopeScotland927772
0%
Ben KlibreckScotland962819
0%
Ben LawersScotland
1214
915
0%
Ben LoyalScotland764609
0%
Ben LuiScotland1130875
0%
Ben MacduiScotland1309950
0%
Ben Mor CoigachScotland743655
0%
Ben More AssyntScotland998835
0%
Ben VorlichScotland943632
0%
Ben VorlichScotland985834
0%
Ben WyvisScotland1046691
0%
Bidean nam BianScotland1149844
0%
Binnein MòrScotland1130759
0%
Blà BheinnScotland929862
0%
Broad LawScotland840653
0%
Cadair IdrisWales893608
0%
CanispScotland847689
0%
Carnedd LlewelynWales1064750
0%
Càrn EigeScotland11831147
0%
Càrn MòrScotland829613
0%
Chno DeargScotland1046644
0%
Clisham (An Cliseam)Scotland799799
0%
Creach BheinnScotland853755
0%
Creag MeagaidhScotland1128867
0%
Cross FellEngland893651
0%
Cùl MòrScotland849651
0%
Doune HillScotland734695
0%
Dùn da GhaoitheScotland766659
0%
Fionn BheinnScotland933658
0%
FoinavenScotland911688
0%
Gaor BheinnScotland987842
0%
Garbh BheinnScotland885687
0%
GleouraichScotland1035765
0%
Glyder FawrWales1001642
0%
Goat FellScotland874874
0%
HelvellynEngland950712
0%
Ladhar BheinnScotland1020795
0%
LiathachScotland1055957
0%
LochnagarScotland1156671
0%
Meall a' BhùiridhScotland1108795
0%
MerrickScotland843705
0%
Moel SiabodWales872600
0%
Pen y FanWales886672
0%
Rois-bheinnScotland882774
0%
SchiehallionScotland1083716
0%
Sgorr RuadhScotland961723
0%
Sgùrr a' Choire GhlaisScotland1083818
0%
Sgùrr AlasdairScotland992992
0%
Sgùrr a' MhaoraichScotland1027708
0%
Sgùrr DhòmhnuillScotland888873
0%
Sgùrr FhuaranScotland1069665
0%
Sgùrr GhiubhsachainScotland849614
0%
Sgùrr Mòr (Fannichs)Scotland1108913
0%
Sgùrr na CìcheScotland1040839
0%
Sgùrr na CoinnichScotland739714
0%
Sgùrr na LapaichScotland1151840
0%
Sgùrr nan EugalltScotland898612
0%
Sgùrr ThuilmScotland963614
0%
SkiddawEngland931709
0%
Slieve DonardNorthern Ireland850825
0%
SliochScotland981626
0%
SnaefellIsle of Man621621
0%
Sròn a' Choire GhairbhScotland937622
0%
Stob Coire EasainScotland1115611
0%
The StorrScotland719671
0%
Waun FachWales811622
0%

Score Distribution

Percentile by Number Answered

Percent of People with Each Score

Your Score History

You have not taken this quiz